000 00733nam a22001697a 4500
003 MACL
005 20150712122002.0
008 150712b xxu||||| |||| 00| 0 eng d
040 _cMACL
041 _aHindi
082 _a741.642
100 _4236/5
_aइन्‍दुरख्‍या, मुकेश
_91263
245 _aग्रामीण आत्‍मनिर्भरता/ग्रामोत्‍थान की योजनाएं/मौसी पपीते वाली/भूगर्भ की शक्तियां/जय गंगे
260 _aजबलपुर
_bशरद प्रकाशन
_c2009
650 _aचिल्‍ड्रन बुक्‍स
_9343
942 _2ddc
_cHIN
999 _c50111
_d50111